00828nam a2200205 a 450000100100000000500170001000800410002702000150006804000250008310000350010824500800014326000720022330000520029549000200034750400730036750400340044083000260047495201050050099900170060500003727520200930080246.0120321s2002 dr 000 0 spa d a8400080408 aDO-SdBNPbspacBNPHU1 aCorté Arreses, Miguel96370213aEl descubrimiento del arte bizantino en España /cMiguel Corté Arreses. aMadrid :bConsejo Superior de Investigaciones Científicas,c2002. axv, 192, (20) lám. p. :bil., lám ;c24 cm.1 aNueva Roma,v16 aIncluye referencias bibliográficas y notas al pie de las páginas aBibliografía : p. [177]-192 0aNueva Romav16915353 0010718PDaGRbGRcCTd2012-03-21iLF1l0o p37275-10r2020-06-25w2020-06-25yLFPDZNo se presta c36765d36765